<?xml version="1.0" encoding="UTF-8"?>
<collection xmlns="http://www.loc.gov/MARC21/slim">
 <record>
  <leader>02062cam a2200349  c4500</leader>
  <controlfield tag="001">1089104960</controlfield>
  <controlfield tag="003">DE-627</controlfield>
  <controlfield tag="005">20220430115700.0</controlfield>
  <controlfield tag="007">tu</controlfield>
  <controlfield tag="008">891127s1989    xx |||||      00| ||ger c</controlfield>
  <datafield tag="020" ind1=" " ind2=" ">
   <subfield code="a">3784836313</subfield>
   <subfield code="9">3-7848-3631-3</subfield>
  </datafield>
  <datafield tag="035" ind1=" " ind2=" ">
   <subfield code="a">(DE-627)1089104960</subfield>
  </datafield>
  <datafield tag="035" ind1=" " ind2=" ">
   <subfield code="a">(DE-576)019104960</subfield>
  </datafield>
  <datafield tag="035" ind1=" " ind2=" ">
   <subfield code="a">(DE-599)BSZ019104960</subfield>
  </datafield>
  <datafield tag="035" ind1=" " ind2=" ">
   <subfield code="a">(OCoLC)311177951</subfield>
  </datafield>
  <datafield tag="040" ind1=" " ind2=" ">
   <subfield code="a">DE-627</subfield>
   <subfield code="b">ger</subfield>
   <subfield code="c">DE-627</subfield>
   <subfield code="e">rakwb</subfield>
  </datafield>
  <datafield tag="041" ind1=" " ind2=" ">
   <subfield code="a">ger</subfield>
  </datafield>
  <datafield tag="084" ind1=" " ind2=" ">
   <subfield code="a">RC 65820</subfield>
   <subfield code="2">rvk</subfield>
   <subfield code="0">(DE-625)rvk/142233:12875</subfield>
  </datafield>
  <datafield tag="245" ind1="1" ind2="0">
   <subfield code="a">Historisch-landeskundliche Exkursionskarte von Niedersachsen</subfield>
   <subfield code="n">11</subfield>
   <subfield code="p">Blatt Rotenburg (Wümme) / bearb. von Hans Heinrich Seedorf ..</subfield>
   <subfield code="c">hrsg. von Erhard Kühlhorn. Inst. für Historische Landesforschung, Göttingen</subfield>
  </datafield>
  <datafield tag="264" ind1=" " ind2="1">
   <subfield code="a">Hildesheim</subfield>
   <subfield code="b">Lax</subfield>
   <subfield code="c">1989</subfield>
  </datafield>
  <datafield tag="300" ind1=" " ind2=" ">
   <subfield code="a">194 S.</subfield>
   <subfield code="b">Ill., Kt.</subfield>
   <subfield code="e">1 Falt.-Kt.</subfield>
  </datafield>
  <datafield tag="336" ind1=" " ind2=" ">
   <subfield code="a">Text</subfield>
   <subfield code="b">txt</subfield>
   <subfield code="2">rdacontent</subfield>
  </datafield>
  <datafield tag="337" ind1=" " ind2=" ">
   <subfield code="a">ohne Hilfsmittel zu benutzen</subfield>
   <subfield code="b">n</subfield>
   <subfield code="2">rdamedia</subfield>
  </datafield>
  <datafield tag="338" ind1=" " ind2=" ">
   <subfield code="a">Band</subfield>
   <subfield code="b">nc</subfield>
   <subfield code="2">rdacarrier</subfield>
  </datafield>
  <datafield tag="490" ind1="1" ind2=" ">
   <subfield code="a">Veröffentlichungen des Instituts für Historische Landesforschung der Universität Göttingen</subfield>
   <subfield code="v">2,11</subfield>
  </datafield>
  <datafield tag="773" ind1="1" ind2="8">
   <subfield code="w">(DE-627)1075569753</subfield>
   <subfield code="w">(DE-576)005569753</subfield>
   <subfield code="g">11</subfield>
   <subfield code="q">11</subfield>
   <subfield code="7">nnnm</subfield>
  </datafield>
  <datafield tag="787" ind1="0" ind2="8">
   <subfield code="i">Rezensiert in</subfield>
   <subfield code="a">Heine, Hans-Wilhelm, 1948 - 2012</subfield>
   <subfield code="t">[Rezension von: Hans Heinrich Seedorf (Bearb.), Historisch-landeskundliche Exkursionskarte von Niedersachsen, Blatt Rotenburg (Wümme)]</subfield>
   <subfield code="d">Braubach : Deutsche Burgenvereinigung, 1991</subfield>
   <subfield code="w">(DE-627)1700759213</subfield>
  </datafield>
  <datafield tag="810" ind1="2" ind2=" ">
   <subfield code="a">Georg-August-Universität Göttingen</subfield>
   <subfield code="b">Institut für Historische Landesforschung</subfield>
   <subfield code="t">Veröffentlichungen des Instituts für Historische Landesforschung der Universität Göttingen</subfield>
   <subfield code="v">2,11</subfield>
   <subfield code="9">2,11</subfield>
   <subfield code="w">(DE-627)130266205</subfield>
   <subfield code="w">(DE-576)001656252</subfield>
   <subfield code="w">(DE-600)560336-5</subfield>
   <subfield code="x">0436-1229</subfield>
  </datafield>
  <datafield tag="936" ind1="r" ind2="v">
   <subfield code="a">RC 65820</subfield>
   <subfield code="b">Allgemeines</subfield>
   <subfield code="k">Regionale Geografie</subfield>
   <subfield code="k">Europa</subfield>
   <subfield code="k">Mitteleuropa</subfield>
   <subfield code="k">Deutschland</subfield>
   <subfield code="k">Deutschland (Westliche Länder)</subfield>
   <subfield code="k">Norddeutschland</subfield>
   <subfield code="k">Niedersachsen</subfield>
   <subfield code="k">Niedersachsen</subfield>
   <subfield code="k">Allgemeine Geografie</subfield>
   <subfield code="k">Anthropogeografie</subfield>
   <subfield code="k">Historische Geografie</subfield>
   <subfield code="k">Allgemeines</subfield>
   <subfield code="0">(DE-627)1275380018</subfield>
   <subfield code="0">(DE-625)rvk/142233:12875</subfield>
   <subfield code="0">(DE-576)205380018</subfield>
  </datafield>
  <datafield tag="951" ind1=" " ind2=" ">
   <subfield code="a">MV</subfield>
  </datafield>
  <datafield tag="991" ind1=" " ind2=" ">
   <subfield code="a">Rezensiertes Werk</subfield>
  </datafield>
  <datafield tag="999" ind1=" " ind2=" ">
   <subfield code="a">KXP-PPN1089104960</subfield>
   <subfield code="e">4185151950</subfield>
  </datafield>
 </record>
</collection>
